Test koniunkturalny - metoda formulowania krótkookresowych prognoz gospodarczych.

Test konjunktúry je sondážna anketa, ktorá sa vykonáva medzi hospodárskymi subjektami s cieľom aktuálnych a budúcich tendencií v činnosti podniku, odvetvia a celej ekonomiky. Anketa a ukazovatele. Skúsenosti s uplatňovaním metódy konjunkturálneho testu. Stupeň súladu premien ukazovaných kvalitatívny...

Full description

Saved in:
Bibliographic Details
Main Author: Kokocinska, Malgorzata
Other Authors: Przybylska-Kapuscinska, Wieslawa
Format: Book Chapter
Language:Polish
Subjects:
Tags: Add Tag
No Tags, Be the first to tag this record!

MARC

LEADER 00000naa a2200000 4500
001 r006534
005 20250825074428.9
041 0 |a pol 
044 |a PL 
245 1 0 |a Test koniunkturalny - metoda formulowania krótkookresowych prognoz gospodarczych.  |c M. Kokocinska, W. Przybylska-Kapuscinska 
520 |a Test konjunktúry je sondážna anketa, ktorá sa vykonáva medzi hospodárskymi subjektami s cieľom aktuálnych a budúcich tendencií v činnosti podniku, odvetvia a celej ekonomiky. Anketa a ukazovatele. Skúsenosti s uplatňovaním metódy konjunkturálneho testu. Stupeň súladu premien ukazovaných kvalitatívnymi ukazovateľmi. Bežné ukazovatele hospodárskej konjunktúry. 
610 2 0 |a konjunktúra hospodárska 
610 2 0 |a ankety 
610 2 0 |a PR 
610 2 0 |a prognózy hospodárske 
100 1 |a Kokocinska, Malgorzata 
700 1 |a Przybylska-Kapuscinska, Wieslawa